000 01303nam a2200217Ia 4500
999 _c54138
_d54138
001 21193
003 GE_BSU
005 20190424140133.0
008 181216s2001|||| |||||||||||||| ||geo||
040 _cGE_BSU
041 _ageo
080 _a343.24(042.4) გ-59
100 _a გოთუა,ზურაბ
_9468
245 _aსისხლის სამართალი :
_bზოგადი ნაწილი : სასჯელი : ლექციების კურსი / ზურაბ გოთუა; საქ. მეცნ. აკად., სახელმწიფოსა და სამართლის ინ-ტი.
264 _aთბილისი ;
_c2001
300 _a140 გვ :
_c20 სმ.
505 _aსისხლის სამართალი -- ლექციების კურსი. სასჯელი. სისხლისსამართლებრივი პასუხისმგებლობისაგან გათავისუფლება. ამნისტია. არასრულწლოვნთა სისხლისსამართლებრივი პასუხისმგებლობა.
541 _h5ლ.
653 _aსამართალი
942 _cBK
_2udc